000
00354nam a2200157Ia 4500
003
OSt
005
20231123053229.0
008
170524s9999 xx 000 0 und d
020
_a
81-8204-025-6(H.B)
040
_c
IIMT
100
_a
Aggarwal - D.K.
245
0
_a
Kitchen equipment and design
260
_b
Aman Pub
260
_c
2006
942
_2
ddc
_c
02
999
_c
7394
_d
7394